| 000 | 00562nam a22001937a 4500 | ||
|---|---|---|---|
| 003 | AM-YeHGA | ||
| 005 | 20250617154047.0 | ||
| 008 | 180507s xxu||||| |||| 00| 0 rus d | ||
| 040 | _aAM-YeHGA | ||
| 041 | 0 | _arus | |
| 100 | 1 | _aРостов, Наум Моисеевич | |
| 245 | 1 | 0 |
_aРассказы / _cН. Ростов. |
| 260 |
_aМосква : _bПравда, _c1938. |
||
| 300 | _a48 с. | ||
| 440 | 0 |
_aБиблиотека "Огонек" _v№ 48 (1107) |
|
| 653 | 0 | _aРусская литература | |
| 942 |
_2udc _cBK |
||
| 090 | _c406128 | ||
| 999 |
_c403897 _d403897 |
||